| 000 | 00716nam a2200229 u 4500 | ||
|---|---|---|---|
| 005 | 20240514063721.0 | ||
| 008 | 150601s2006 r 000 0 eng d | ||
| 020 | _a968168026X | ||
| 035 | _aUPN01000203960 | ||
| 049 | _aI | ||
| 050 | 4 |
_aPQ6703 A7.2 _bR3.5 |
|
| 100 | 1 |
_aCarrasco Inglés, Aitana, _d1978- _937623 |
|
| 245 | 1 | 0 |
_aRamona la mona / _cAitana Carrasco Inglés. |
| 260 |
_aMéxico : _bFCE, _c2006. |
||
| 300 |
_a[34] p. : _bil. col. |
||
| 440 | 4 | _aLos especiales A la orilla del viento | |
| 650 | 4 |
_aLiteratura infantil española _95892 |
|
| 650 | 4 |
_aHermanos y hermanas _vLiteratura infantil _98964 |
|
| 650 | 7 |
_aLibros ilustrados para niños _2 _921365 |
|
| 905 | _aInfantil | ||
| 999 |
_c176061 _d176061 |
||